000 00325 a2200157 4500
001 58417
020 _a
040 _cAnchieta - Pituba
100 _aAlmeida, José Américo de
240 1 0 _aA bagaceira
_lpor
245 1 0 _aA bagaceira
300 _a173
362 0 _a1968
650 4 _aFicção brasileira
942 _cBK
999 _c58417
_d58417